Регионална библиотека "Любен Каравелов" - Русе

Домът на пчелите (Запис номер 498476)

MARC детайли
000 -Лидер
Лидер 00780nam a2200241 a 4500
003 - Код на организацията, давaща контролен номер
Код на организацията, даваща контролен номер BLK
005 - Дата и час на последна редакция
Дата и час на последна редакция 20250618114851.0
007 - Фиксирано поле за физическо описани
Физическо описание ta
008 - Елементи от данни с фиксирана дължина
Елементи с фиксирана дължина 221104b bu |||||r|||| 00| | bu d
020 ## - Международен стандартен номер на книга ISBN
ISBN 978-954-26-2290-1
Коментар към ISBN 9789542622901
040 ## - Източник на каталожния запис
Код на библиотеката BLK
041 ## - Код за език
Език Български
Език за КДБФ Български
080 ## - УДК
9 (RLIN) 227592
УДК текст Българска литература
УДК код 821.163.2
УДК – определител -31
УДК – код + определител 821.163.2-31
084 ## - Класификационен индекс по друга класификация
Авторски знак Лал - Л 17
100 ## - Редна дума - Автор
Автор Лалев, Цанко
Пълна форма на името Дулев, Цанко Лалев
R(LIN) 363801
245 ## - Сведения за заглавието
Заглавие Домът на пчелите
Авторска отговорност Цанко Лалев
260 ## - Област на издателските данни
9 (RLIN) 209439
Място на издаване Пловдив
Име на издателя Хермес
Година на издаване 2023
300 ## - Физическа характеристика
Брой страници 301 с.
Размер 21 см
380 ## - Жанр
Жанр Худож. лит.
856 ## - Електронен адрес и достъп
Инструкция (цена за достъп) 0.00
Права за достъп disable
942 ## - АРТИКУЛИ
Вид на библиотечния документ Книги
Скрит в OPAC Не
Koha issues (borrowed), all copies 30
944 ## - СЪЗДАВАНЕ И РЕДАКЦИЯ на ЗАПИСА
Създаване/Редакция
Дата на регистрацията/редакция Диана Гривева
Служител, извършил регистрацията/редакцията 30530
Номер на служител Минев Младен
999 ## - СИСТЕМНИ КОНТРОЛНИ НОМЕРА
Koha biblionumber 498476
Koha biblioitemnumber 498476
Наличности
Код за отписване Код за изгубен артикул Източник на класификационната схема Код за повреда Код за отдаване Артикулен № Име на библиотеката - собственик Име на библиотеката, в която се намира в момента Статус (Текущо местоположение) Дата на вписване в системата Местоположение - отдел Цена в лева Инвентарен номер Систематично азбучна сигнатура Баркод Цена в евро Служебен тип на артикула Коз за рестрикции
  Не е изгубен Universal Decimal Classification Не е повреден заемане за дома 936878 Регионална библиотека "Любен Каравелов" Русе Регионална библиотека "Любен Каравелов" Русе Заемна - подръчен фонд 2023-11-22 Заемна - подръчен фонд 12.57 120000895948 821.163.2-31/Л 17 Ц 120000895948 6.43 Книги  
  Не е изгубен Universal Decimal Classification Не е повреден заемане за дома 936879 Регионална библиотека "Любен Каравелов" Русе Регионална библиотека "Любен Каравелов" Русе Заемна - подръчен фонд 2023-11-22 Заемна - подръчен фонд 12.57 120000895949 821.163.2-31/Л 17 Ц 120000895949 6.43 Книги  
  Не е изгубен Universal Decimal Classification Не е повреден ползва се в читалня 944958 Регионална библиотека "Любен Каравелов" Русе Регионална библиотека "Любен Каравелов" Русе Хранилище 2024-07-02 Хранилище 17.95 120000910090 Цб 323466 120000910090 9.18 Книги само за читалня
Vip Innovations Ltd, Rousse, Bulgaria 2025